ბათუმის შოთა რუსთაველის სახელმწიფო უნივერსიტეტის ბიბლიოთეკა

კომუნალური ჰიგიენა : სახელმძღვ. სამედ. ინ-ტის სანიტარია-ჰიგიენის ფაკ-ის სტუდენტებისათვის / (ბიბ.ჩანაწერი № 62018)

000 -ლიდერი
ფიქსირებული სიგრძის საკონტროლო ველი 01168nam a22002177a 4500
003 - საკონტროლო ნომრის იდენტიფიკატორი
საკონტროლო ველი Ge_BSU
005 - ბოლო ოპერაციის თარიღი და დრო
საკონტროლო ველი 20240624114917.0
008 - ფიქსირებული სიგრძის მონაცემთა ელემენტები - ზოგადი ინფორმაცია
ფიქსირებული სიგრძის საკონტროლო ველი 240624s1980 ge ||||| |||| 00| 0 geo d
041 ## - ენის კოდი
Language code of text/sound track or separate title geo
080 ## - უნივერსალური ათობითი კლასიფიკაციის ინდექსი
Universal Decimal Classification number 614.78(075.8) შ-48
100 ## - მთავარი ჩანაწერი - პიროვნების სახელი
Personal name შენგელია, ი.
9 (RLIN) 22545
245 ## - ცნობა სათაურის შესახებ
Title კომუნალური ჰიგიენა : სახელმძღვ. სამედ. ინ-ტის სანიტარია-ჰიგიენის ფაკ-ის სტუდენტებისათვის /
Statement of responsibility, etc ი. შენგელია, ო. შალამბერიძე; რედ. ო. გოგოლაშვილი.
250 ## - გამოცემის ცნობა
Edition statement მე-2 შევსებ. და გადამუშ. გამოც.
264 ## - წარმოების, გამოცემის, დისტრიბუციის და სხვა ცნობები
გამოცემის, წარმოების, დისტრიბუციის... ადგილი თბ. :
გამოცემის, წარმოების, დისტრიბუციის... სახელწოდება განათლება,
გამოცემის, წარმოების, დისტრიბუციის... თარიღი 1980.
300 ## - ფიზიკური აღწერა
Extent 470 გვ. :
Other physical details ილ. ;
Dimensions 22 სმ.
653 ## - INDEX TERM--UNCONTROLLED
Uncontrolled term კომუნალური ჰიგიენა
653 ## - INDEX TERM--UNCONTROLLED
Uncontrolled term მედიცინა
700 ## - ADDED ENTRY--PERSONAL NAME
Personal name შალამბერიძე, ო.
Relator term ავტორი
9 (RLIN) 1328
700 ## - ADDED ENTRY--PERSONAL NAME
Personal name გოგოლაშვილი, ო.
Relator term რედაქტორი
9 (RLIN) 22546
942 ## - ADDED ENTRY ELEMENTS (KOHA)
Source of classification or shelving scheme
Koha item type წიგნი
ეგზემპლარები
ჩამოწერის სტატუსი დაკარგული ეგზემპლარის სტატუსი კლასიფიკაციის წყარო ან თაროზე გაწყობის სქემა დაზიანების სტატუსი არ გაიცემა მუდმივი მდებარეობა (დაცვის ადგილი) ამჟამინდელი ადგილსამყოფელი თაროზე განთავსების ადგილი შეძენის თარიღი ღირებულება, შესყიდვის ნორმალური ფასი სრული შენახვის შიფრი შტრიხკოდი ბოლო ოპერაციის თარიღი ეგზემპლარის მიმდევრობითი ნომერი (კეტერი?) ფასის ძალაში შესვლის თარიღი ეგზემპლარის სახეობა საჯარო შენიშვნა
          ბათუმის შოთა რუსთაველის სახელმწიფო უნივერსიტეტის მთავარი ბიბლიოთეკა ბათუმის შოთა რუსთაველის სახელმწიფო უნივერსიტეტის მთავარი ბიბლიოთეკა წიგნსაცავი 2024-06-24 2.60 614.78(075.8) შ-48 68296 2024-06-24 68296 2024-06-24 წიგნი 2 ლ. 60 თ.